000 00980nac a22003017a 4500
001 BR8302738
003 BR-BrBNA
005 20240105115734.0
008 230509b bl.|||m| |||| 00| 0 por d
040 _aBR-BrBNA
_bpor
_cBiblioteca Nacional de Agricultura
072 _aA50; F05
090 _aA50 BR8302738
110 1 _aUniversidade Federal do Acre, Rio Branco (Brasil). Parque Zoobotanico
_910429
245 1 _aRelatorio de atividades, 1982 [Universidade Federal do Acre. Parque Zoobotanico, Brasil]
260 3 _aRio Branco, AC (Brasil):
_c1983.
300 _a79 p.
490 _aRelatorio - Universidade Federal do Acre. Parque Zoobotanico (Brazil)
_v
_x
650 _aCOLECAO DE PLANTA
650 _aMUDA
650 _aANALISE QUANTITATIVA
650 _aTAXONOMIA VEGETAL
650 _aPROJETO DE PESQUISA
650 _aHERBARIO
650 _aFINANCIAMENTO
650 _aACRE
909 _a202312
_bLúcia Elande
_c55
_dLúcia Elande
942 _2AGRIS
_n0
_cMS
999 _c276174
_d276174